00768nam a22001817a 4500003000200000005001700002008004100019050002700060100003600087245008900123260007200212300003700284504004100321650006700362650005200429650005600481650004900537020250113161200.0241108b xxu||||| |||| 00| 0 eng d aPHS BL 1285b.Z22 2024 aZalameda, Regina Sara,eauthor. aThe enduring power of funerary traditions of the Cordillera /cRegina Sara Zalameda. aLas Piñas :bSouthville International School and Colleges,c2024. aiv, 88 p. :bcol. ill. ;c30 cm. aIncludes bibliographical references. aFuneral rites and ceremoniesvPhilippineszCordillera (Region) aDeath customsvPhilippineszCordillera (Region) aCultural heritagevPhilippineszCordillera (Region) aPhilippine Indigenous peoplesvFuneral rites